[Event "ICS rated blitz match"]
[Site "204.178.125.65"]
[Date "1999.11.07"]
[Round "?"]
[White "Hossa"]
[Black "Amateur"]
[Result "0-1"]
[WhiteElo "2488"]
[BlackElo "2529"]
[PlyCount "156"]
[EventDate "1999.??.??"]

1. c4 {1.e4 0.22} 1... e5 2. Nc3 d6 3. e3 Nf6 4. d4 Be7 5. Nf3 exd4 6. exd4 Bg4
7. Be2 O-O 8. O-O Qd7 9. Re1 Nc6 10. Bf4 Bf5 11. Qb3 ({0.86 Hiarcs 7.32:} 11.
Nh4 11... Bg4 12. d5 Ne5 13. Qd4 Bxe2 14. Nxe2 {0.57/7}) 11... b6 12. d5 Na5
13. Qb5 Rfe8 14. Nd4 a6 15. Qxd7 Bxd7 16. Rad1 Rad8 17. b4 c5 18. bxa5 ({
0.64 Hiarcs 7.32:} 18. dxc6 18... Nxc6 19. a3 h6 20. Be3 Nxd4 21. Bxd4 Rb8 22.
Bd3 22... Bc6 {0.96/8}) 18... cxd4 19. Rxd4 bxa5 20. Rd3 Bf8 21. Bg5 ({
0.35 Hiarcs 7.32:} 21. Re3 21... Bf5 22. Na4 Rxe3 23. Bxe3 Bc2 24. Bd1 24...
Bf5 {0.64/7}) 21... Be7 22. Bf1 Kf8 23. Bf4 Bf5 24. Rf3 Bg6 25. Be3 ({
0.36 Hiarcs 7.32:} 25. Nd1 25... Rd7 26. Ra3 Bd8 27. Rxe8+ Kxe8 28. Bd2 Re7 29.
Bxa5 {0.80/7}) 25... Rb8 26. Bc1 ({0.70 Hiarcs 7.32:} 26. Bd4 26... Nd7 27.
Rfe3 Bf6 28. Bxf6 Nxf6 29. c5 dxc5 30. Bxa6 {0.36/7}) 26... Rb7 27. Ba3 Bh5 28.
Rfe3 Rd7 29. c5 dxc5 30. Rxe7 Rexe7 31. Bxc5 Ke8 32. Bxe7 Rxe7 33. Rxe7+ ({
0.69 Hiarcs 7.32:} 33. Re3 33... Ng4 34. Rxe7+ Kxe7 35. h3 Nf6 36. g4 Bg6 37.
g5 Nd7 38. Bxa6 {1.29/8}) 33... Kxe7 34. Bxa6 Kd6 35. Bb7 Kc5 36. f3 Bg6 37. g4
h6 38. h4 Bd3 39. g5 hxg5 40. hxg5 Nh7 41. Na4+ Kb4 42. Nb2 Bb1 43. d6 Nxg5 44.
Bd5 ({0.09 Hiarcs 7.32:} 44. a3+ 44... Kxa3 45. Nc4+ Kb4 46. d7 Ne6 47. Ne5 f6
48. Nc6+ Kc5 49. Nxa5 Kd6 50. Bc6 {0.34/8}) 44... Bf5 45. Nd3+ Kc3 46. Nf2 ({
-1.01 Hiarcs 7.32:} 46. Nc1 46... Bd7 47. f4 Nh3+ 48. Kh2 Kd4 49. Bc6 Bxc6 50.
Kxh3 Bd7+ 51. Kg3 {0.09/8}) 46... Kd4 47. Bc6 Kc5 48. d7 Ne6 49. Ba4 Kd6 50.
Bb5 Ke7 51. Bd3 Nd4 52. Bxf5 Nxf5 53. Ne4 Kxd7 54. Kf2 Kc6 55. Ke2 Kd5 56. Kd3
Ke5 57. Ng5 f6 58. Nh3 g5 59. Kd2 Kd4 60. Ng1 Ng3 61. Nh3 Nh5 62. a3 a4 63. Nf2
f5 64. Nd1 g4 65. fxg4 fxg4 66. Nb2 ({-6.02 Hiarcs 7.32:} 66. Ke2 66... g3 67.
Kf3 Kc4 68. Kg4 Kd3 69. Kh3 Kc2 70. Ne3+ Kc3 71. Ng2 {-1.90/10}) 66... Nf4 67.
Nxa4 g3 68. Ke1 Ke3 69. Kd1 ({-13.16 Hiarcs 7.32:} 69. Nb6 69... g2 70. Nc4+
Kd4 71. Kf2 Kxc4 72. a4 Kb4 73. Kg1 Kxa4 74. Kf2 Ka3 75. Kg1 75... Ka4 {
-6.02/12}) 69... g2 70. Kc2 g1=Q 71. Nc3 ({-#11 Hiarcs 7.32:} 71. Nb2 71... Kd4
{-12.58/8}) 71... Nd3 72. Kb3 Qg8+ 73. Kc2 Qc4 74. a4 Ne1+ 75. Kb2 Qb4+ 76. Ka2
Qxc3 77. a5 Nd3 78. a6 78... Qb2# {Hossa checkmated} 0-1

[Event "ICS rated standard match"]
[Site "204.178.125.65"]
[Date "1999.11.07"]
[Round "?"]
[White "Hossa"]
[Black "netpi"]
[Result "0-1"]
[WhiteElo "2298"]
[BlackElo "2396"]
[PlyCount "117"]
[EventDate "1999.??.??"]

1. e4 e5 2. Nf3 Nc6 3. Bb5 a6 4. Ba4 b5 5. Bb3 d6 6. d4 Bg4 7. dxe5 dxe5 8. Qd5
Qxd5 9. Bxd5 Nge7 10. Nxe5 Nxd5 11. Nxc6 Nb4 12. Nxb4 Bxb4+ 13. Bd2 Bc5 14. Bc3
O-O 15. h3 Be6 16. a4 f6 17. b4 Bd6 18. axb5 axb5 19. Na3 Bd7 20. O-O Ra4 21.
Nb1 Rxa1 22. Bxa1 Re8 23. e5 fxe5 24. Rd1 Kf7 25. Na3 Ra8 26. Bb2 Ke6 27. Re1
Ra4 28. g3 Kf6 29. c3 c5 30. Rd1 Ke6 31. bxc5 Bxc5 32. Ra1 Re4 33. Rf1 Re2 34.
Bc1 Kf6 35. g4 h5 36. Nb1 hxg4 37. hxg4 g5 38. Kg2 Bxg4 39. Nd2 Bf5 40. Nb3 Bb6
41. Nd2 g4 42. Kg3 Bd3 43. Rh1 Bxf2+ 44. Kxg4 Re3 45. Rh6+ Kg7 46. Nf3 Kxh6 47.
Nxe5 Bf1 48. Kf5 Bh3+ 49. Kf6 Kh5 50. Bxe3 Bxe3 51. Nf3 Kg4 52. Ne5+ Kg3 53.
Nd3 Bd2 54. Ke5 Bxc3+ 55. Ke4 Bg2+ 56. Ke3 b4 57. Nc5 Bd5 58. Kd3 Kf4 59. Na6 {
Hossa resigns} 0-1

[Event "ICS rated blitz match"]
[Site "204.178.125.65"]
[Date "1999.11.07"]
[Round "?"]
[White "Hossa"]
[Black "speedythought"]
[Result "1-0"]
[WhiteElo "2461"]
[BlackElo "2161"]
[PlyCount "45"]
[EventDate "1999.??.??"]

1. e4 e6 2. d4 d5 3. Nc3 Nf6 4. Bd3 c5 5. exd5 exd5 6. Nf3 Be7 7. dxc5 O-O 8.
Be3 Nbd7 9. b4 a5 10. a3 axb4 11. axb4 Rb8 12. Bf4 b6 13. c6 Bxb4 14. O-O Bxc3
15. c7 Qe7 16. cxb8=Q Nxb8 17. Bxb8 Bxa1 18. Qxa1 Bg4 19. Re1 Ne4 20. Bf4 Bxf3
21. gxf3 Qf6 22. Qxf6 Nxf6 23. Ra1 {speedythought resigns} 1-0

[Event "ICS Rated blitz match"]
[Site "204.178.125.65"]
[Date "1999.11.07"]
[Round "?"]
[White "speedythought"]
[Black "Hossa"]
[Result "0-1"]
[WhiteElo "2156"]
[BlackElo "2466"]
[PlyCount "58"]
[EventDate "1999.??.??"]

1. e4 e5 2. Nf3 Nc6 3. Bc4 Nf6 4. Ng5 d5 5. exd5 Na5 6. Bb5+ c6 7. dxc6 bxc6 8.
Be2 h6 9. Nh3 Bxh3 10. gxh3 Bc5 11. O-O O-O 12. d3 Qd6 13. Nc3 Bb4 14. Bd2 Rfd8
15. a3 Bxc3 16. Bxc3 Nb7 17. Bf3 Nd5 18. Bd2 Nc5 19. Qe2 Ne6 20. Bxd5 cxd5 21.
c3 Nc5 22. b4 Qg6+ 23. Kh1 Qxd3 24. Qxe5 Qf3+ 25. Kg1 Ne4 26. Be3 Rd6 27. Bf4
Rg6+ 28. Bg3 Ng5 29. Rfe1 29... Re6 {speedythought resigns} 0-1

[Event "ICS rated blitz match"]
[Site "204.178.125.65"]
[Date "1999.11.07"]
[Round "?"]
[White "Hossa"]
[Black "ciotti"]
[Result "1-0"]
[WhiteElo "2479"]
[BlackElo "2163"]
[PlyCount "89"]
[EventDate "1999.??.??"]

1. e4 c5 2. Nf3 Nc6 3. Nc3 g6 4. d4 cxd4 5. Nxd4 Bg7 6. Be3 Nf6 7. Nxc6 dxc6 8.
Qxd8+ Kxd8 9. Be2 e5 10. Bc4 Ng4 11. Bd2 f5 12. f3 Nf6 13. O-O-O Kc7 14. exf5
gxf5 15. Rhe1 b5 16. Bd3 Re8 17. Bg5 Bd7 18. Bxb5 cxb5 19. Bxf6 Bh6+ 20. Kb1 e4
21. fxe4 fxe4 22. Nxe4 Bc6 23. Nc3 Rxe1 24. Rxe1 b4 25. Re7+ Kd6 26. Ne4+ Bxe4
27. Rxe4 Rf8 28. Be7+ Kd5 29. Bxf8 Kxe4 30. Bxh6 a5 31. Bf8 Ke3 32. a3 Kf2 33.
axb4 axb4 34. Bxb4 Kxg2 35. c4 Kxh2 36. c5 Kg3 37. c6 h5 38. c7 h4 39. Be1+ Kf3
40. c8=Q h3 41. Qxh3+ Ke2 42. Kc2 Kxe1 43. Qh2 Kf1 44. Kd3 Ke1 45. Qg1# {
ciotti checkmated} 1-0

[Event "ICS rated blitz match"]
[Site "204.178.125.65"]
[Date "1999.11.07"]
[Round "?"]
[White "EXchess"]
[Black "Hossa"]
[Result "1-0"]
[WhiteElo "2450"]
[BlackElo "2487"]
[PlyCount "145"]
[EventDate "1999.??.??"]

1. e4 e5 2. Nf3 Nc6 3. Bb5 a6 4. Ba4 b5 5. Bb3 d6 6. d4 Bg4 7. h3 Bxf3 8. Qxf3
Nf6 9. dxe5 dxe5 10. Qg3 Qd4 11. Nc3 Nxe4 12. Qf3 f5 13. O-O Qd7 14. Nxe4 fxe4
15. Qxe4 Rd8 16. Bf4 Qd6 17. Bxe5 Nxe5 18. Rfe1 Be7 19. Qxe5 Qxe5 20. Rxe5 Kf8
21. Rae1 Bf6 22. Rc5 Rd7 23. c3 Be7 24. Rc6 a5 25. Be6 Rd2 26. Rxc7 g5 27. a4
Bd6 28. Rf7+ Ke8 29. axb5 Rf8 30. Bb3+ Kd8 31. Rxf8+ Bxf8 32. Rd1 Rxd1+ 33.
Bxd1 Bg7 34. b6 Kc8 35. Bf3 a4 36. Bc6 a3 37. bxa3 Bxc3 38. g4 Bd4 39. b7+ Kc7
40. Kg2 Be5 41. Be4 Bb2 42. a4 Bc3 43. Kf3 Ba5 44. Bd5 Kb8 45. Ke3 Bb6+ 46. Ke4
h6 47. Kf5 Ka7 48. f3 Bc7 49. Kg6 Kb6 50. Kxh6 Kc5 51. Be4 Bf4 52. Kg6 Kd4 53.
a5 Kc5 54. a6 Kb6 55. Bd3 Kc7 56. Kh5 Kb8 57. h4 gxh4 58. Kxh4 Kc7 59. g5 Bd6
60. g6 Be5 61. f4 Bd4 62. f5 Be5 63. Kg5 Bd4 64. f6 Be3+ 65. Kf5 Bc5 66. g7 Ba7
67. g8=Q Kd6 68. f7 Kd5 69. f8=Q+ Kd4 70. Qb4+ Kxd3 71. Qgc4+ Ke3 72. Qe4+ Kf2
73. Qbe1# {Hossa checkmated} 1-0

[Event "ICS rated blitz match"]
[Site "204.178.125.65"]
[Date "1999.11.07"]
[Round "?"]
[White "Hossa"]
[Black "Isfen"]
[Result "1/2-1/2"]
[WhiteElo "2469"]
[BlackElo "2295"]
[PlyCount "73"]
[EventDate "1999.??.??"]

1. e4 e6 2. d4 a6 3. Nf3 d6 4. Bd3 Be7 5. O-O Nd7 6. Bf4 c5 7. e5 d5 8. c3 b5
9. Nbd2 Bf8 10. Qb1 g6 11. Be2 Bg7 12. Qd3 c4 13. Qe3 Ne7 14. Bg5 h6 15. Bxe7
Qxe7 16. b4 O-O 17. a4 Bb7 18. Qf4 Rfe8 19. axb5 axb5 20. Rfb1 Rxa1 21. Rxa1
Ra8 22. Rxa8+ Bxa8 23. Qg4 Nb6 24. Nb1 Qa7 25. Qh4 g5 26. Qg4 Qa1 27. Nfd2 Na4
28. Qg3 Qb2 29. Qe3 Bc6 30. h4 gxh4 31. Bf1 Bd7 32. Kh2 Qc2 33. Kg1 Nb2 34. Qh3
Nd1 35. Qf3 Nb2 36. Qh3 Nd1 37. Qf3 {Game drawn by mutual agreement} 1/2-1/2

[Event "ICS rated blitz match"]
[Site "204.178.125.65"]
[Date "1999.11.07"]
[Round "?"]
[White "Banane"]
[Black "Hossa"]
[Result "0-1"]
[WhiteElo "2190"]
[BlackElo "2466"]
[PlyCount "112"]
[EventDate "1999.??.??"]

1. d4 g6 2. e4 Nf6 3. Nc3 d6 4. Be3 Bg7 5. f3 Nc6 6. Qd2 O-O 7. Bh6 Bxh6 8.
Qxh6 Nxd4 9. O-O-O e5 10. g4 Kh8 11. h4 Ng8 12. Qe3 Ne6 13. Nh3 f5 14. gxf5
gxf5 15. exf5 Rxf5 16. Bd3 Rf8 17. Ng5 Nf6 18. Nce4 Nd5 19. Qf2 Nef4 20. Rh2 h6
21. Rdh1 Nxd3+ 22. cxd3 Nf4 23. Kd2 d5 24. Nc3 Bf5 25. Ne2 Nxd3 26. Qe3 Qd6 27.
Ng3 Qb4+ 28. Kd1 Nxb2+ 29. Ke2 Qb5+ 30. Kf2 Nd3+ 31. Kg2 Nf4+ 32. Kf2 Qb2+ 33.
Ne2 Nxe2 34. Qxe2 Qxe2+ 35. Kxe2 hxg5 36. hxg5+ Kg7 37. Rh6 c5 38. Kd2 Bg6 39.
R6h4 Rxf3 40. Ra4 Rf2+ 41. Ke1 Rg2 42. Ra5 b6 43. Ra3 Rxg5 44. Rf3 Be4 45. Rfh3
Bxh1 46. Rxh1 Rh8 47. Rf1 Rh2 48. Rf2 Rg1+ 49. Ke2 Rgg2 50. Rxg2+ Rxg2+ 51. Kd3
b5 52. Ke3 Rxa2 53. Kf3 Kf6 54. Kg4 Ra3 55. Kh4 Kf5 56. Kh5 56... Rh3# {
Banane checkmated} 0-1

[Event "ICS rated blitz match"]
[Site "204.178.125.65"]
[Date "1999.11.07"]
[Round "?"]
[White "Hossa"]
[Black "goudberg"]
[Result "1-0"]
[WhiteElo "2471"]
[BlackElo "2639"]
[PlyCount "47"]
[EventDate "1999.??.??"]

1. e4 d6 2. Nf3 c6 3. Nc3 g6 4. d4 Bg7 5. Bg5 Bg4 6. Bc4 b5 7. Bb3 Nf6 8. e5
dxe5 9. Bxf7+ Kxf7 10. Nxe5+ Kg8 11. Nxg4 Nxg4 12. Qxg4 Bxd4 13. O-O-O c5 14.
Qe4 Nd7 15. Bxe7 Qe8 16. Nxb5 Nf6 17. Qe6+ Kg7 18. Bxf6+ Bxf6 19. Rd7+ Kh6 20.
Qh3+ Kg5 21. f4+ Kxf4 22. Qg3+ Kf5 23. Rf1+ Ke6 24. Qd6# {goudberg checkmated}
1-0

[Event "ICS rated blitz match"]
[Site "204.178.125.65"]
[Date "1999.11.08"]
[Round "?"]
[White "Hossa"]
[Black "OSOWR"]
[Result "1/2-1/2"]
[WhiteElo "2502"]
[BlackElo "2142"]
[PlyCount "155"]
[EventDate "1999.??.??"]

1. e4 c5 2. Nf3 e6 3. d4 cxd4 4. Nxd4 a6 5. Nc3 Qc7 6. f4 Nc6 7. Be3 b5 8. Nxc6
Qxc6 9. Bd3 Bb7 10. a3 Nf6 11. O-O Bc5 12. Bxc5 Qxc5+ 13. Rf2 d6 14. Qe2 Nd7
15. Rd1 O-O 16. e5 d5 17. Qh5 g6 18. Qg5 Rfe8 19. Re1 Qe7 20. Qg3 Kh8 21. Qh3
Nc5 22. Qh6 Qf8 23. Qg5 Qe7 24. Ne2 Qxg5 25. fxg5 Kg7 26. Nc3 Re7 27. Rf6 Rc8
28. h4 Bc6 29. Kh2 Be8 30. g4 Rb7 31. Kg3 a5 32. h5 b4 33. axb4 axb4 34. Nd1 b3
35. Rf2 bxc2 36. Bxc2 Bb5 37. Nc3 Bd3 38. h6+ Kg8 39. Rd1 Bxc2 40. Rxc2 Ne4+
41. Kh4 Rbc7 42. Rd3 Nxc3 43. Rcxc3 Rxc3 44. Rxc3 Rxc3 45. bxc3 Kf8 46. Kg3 Ke7
47. Kf4 Kd7 48. Ke3 Kc6 49. Kd4 Kb5 50. Kd3 Kc5 51. Kd2 Kc4 52. Kc2 d4 53. cxd4
Kxd4 54. Kd2 Kxe5 55. Ke3 Kd5 56. Kd3 e5 57. Ke3 e4 58. Ke2 Kd4 59. Kd2 e3+ 60.
Ke1 Ke4 61. Ke2 Kf4 62. Ke1 Kxg4 63. Ke2 Kxg5 64. Kxe3 Kxh6 65. Kf3 Kg5 66. Kg3
h5 67. Kg2 h4 68. Kf3 f5 69. Kf2 Kg4 70. Ke2 h3 71. Ke3 h2 72. Ke2 h1=Q 73. Kd3
Qe4+ 74. Kc3 Qa4 75. Kd3 Kf4 76. Kc3 Ke4 77. Kd2 Qb3 78. Ke1 {
OSOWR ran out of time and Hossa has no material to mate} 1/2-1/2

[Event "ICS rated blitz match"]
[Site "204.178.125.65"]
[Date "1999.11.08"]
[Round "?"]
[White "Hossa"]
[Black "LoadedGun"]
[Result "0-1"]
[WhiteElo "2494"]
[BlackElo "2199"]
[PlyCount "89"]
[EventDate "1999.??.??"]

1. e4 c5 2. Nf3 d6 3. d4 cxd4 4. Nxd4 Nf6 5. Nc3 a6 6. Be2 e6 7. O-O b5 8. Bf3
Ra7 9. a3 Rc7 10. Bg5 h6 11. Bh4 Be7 12. a4 b4 13. Na2 e5 14. Bxf6 Bxf6 15. Ne2
a5 16. c3 Nc6 17. cxb4 axb4 18. Qd3 Qd7 19. Rfd1 Be7 20. Ng3 g6 21. Qd5 Ba6 22.
b3 Nd4 23. Rab1 O-O 24. Nxb4 Rc5 25. Rxd4 Rxd5 26. Rxd5 Bb7 27. Rd3 Rc8 28. Kh1
Bh4 29. Rbd1 Qc7 30. Bg4 Rb8 31. Rxd6 Qc5 32. Na6 Bxa6 33. Rxa6 Qxf2 34. Nf1
Rd8 35. Ra1 Qb2 36. Rd1 Rxd1 37. Bxd1 Qf2 38. Be2 Qxe2 39. Rf6 Bxf6 40. Kg1 Be7
41. h4 Bc5+ 42. Kh2 Qxf1 43. h5 gxh5 44. b4 Bf2 45. a5 {Hossa resigns} 0-1

[Event "ICS rated standard match"]
[Site "204.178.125.65"]
[Date "1999.11.08"]
[Round "?"]
[White "Mmouse"]
[Black "Hossa"]
[Result "0-1"]
[WhiteElo "2086"]
[BlackElo "2286"]
[PlyCount "34"]
[EventDate "1999.??.??"]

1. c4 Nf6 2. Nc3 d5 3. cxd5 Nxd5 4. d4 Nxc3 5. bxc3 e5 6. Nf3 e4 7. Ng5 f5 8.
Nh3 Be7 9. a4 Nc6 10. e3 Na5 11. c4 Bb4+ 12. Ke2 c5 13. dxc5 Be6 14. Qxd8+ Rxd8
15. f3 Nb3 16. Rb1 Nxc1+ 17. Rxc1 17... Rd2+ {Mmouse resigns} 0-1

[Event "ICS rated standard match"]
[Site "204.178.125.65"]
[Date "1999.11.08"]
[Round "?"]
[White "Hossa"]
[Black "Mmouse"]
[Result "1-0"]
[WhiteElo "2294"]
[BlackElo "2078"]
[PlyCount "34"]
[EventDate "1999.??.??"]

1. e4 Nf6 2. Nc3 d5 3. exd5 Nxd5 4. Bc4 c6 5. Nf3 g6 6. O-O Bg7 7. d4 O-O 8.
Ne4 Bg4 9. Be2 Nd7 10. Re1 Re8 11. h3 Bxf3 12. Bxf3 Qb6 13. c3 Rad8 14. Qb3
N7f6 15. Nc5 Qxb3 16. axb3 b6 17. Na6 17... Nd7 {Mmouse resigns} 1-0

[Event "ICS rated standard match"]
[Site "204.178.125.65"]
[Date "1999.11.08"]
[Round "?"]
[White "Mmouse"]
[Black "Hossa"]
[Result "0-1"]
[WhiteElo "2071"]
[BlackElo "2301"]
[PlyCount "58"]
[EventDate "1999.??.??"]

1. c4 Nf6 2. Nc3 d5 3. cxd5 Nxd5 4. Nf3 Nc6 5. d4 g6 6. e4 Nxc3 7. bxc3 Bg4 8.
Rb1 Rb8 9. Bc4 f6 10. Qb3 Bg7 11. Bf7+ Kf8 12. a4 Na5 13. Qa2 c5 14. Be3 Nc6
15. Bd5 e6 16. Bxc6 bxc6 17. O-O Bxf3 18. gxf3 cxd4 19. cxd4 Kf7 20. Qc4 Qd7
21. Qa6 f5 22. Bf4 Rb6 23. Rxb6 axb6 24. Qxb6 Bxd4 25. Qb3 Ra8 26. exf5 gxf5
27. Be3 c5 28. Qb5 Qd5 29. Bxd4 29... Rg8+ {Mmouse resigns} 0-1

[Event "ICS Rated standard match"]
[Site "204.178.125.65"]
[Date "1999.11.08"]
[Round "?"]
[White "Hossa"]
[Black "Mmouse"]
[Result "1-0"]
[WhiteElo "2308"]
[BlackElo "2064"]
[PlyCount "89"]
[EventDate "1999.??.??"]

1. e4 Nf6 2. Nc3 d5 3. exd5 Nxd5 4. Bc4 c6 5. Nf3 g6 6. O-O Bg7 7. d4 O-O 8.
Ne4 Bg4 9. Be2 Nd7 10. Re1 N5f6 11. Nxf6+ Nxf6 12. Bg5 h6 13. Bf4 Qb6 14. Qc1
Kh7 15. c4 Rad8 16. Be3 Qc7 17. a3 Bxf3 18. Bxf3 b6 19. Bf4 Qd7 20. Be5 c5 21.
dxc5 bxc5 22. Qe3 Qc8 23. Rac1 Rd7 24. b4 cxb4 25. axb4 Ne8 26. Bg4 e6 27. Bxg7
Kxg7 28. Bf3 Rc7 29. c5 Qb8 30. Rc4 Nf6 31. Rd1 Rd8 32. Rxd8 Qxd8 33. Rh4 g5
34. Rd4 Rd7 35. Rxd7 Qxd7 36. c6 Qc7 37. Qc3 e5 38. b5 Ne8 39. Qe3 Kf6 40. Qd3
Kg7 41. Qf5 Nf6 42. h3 Ne8 43. Qd7 Kf8 44. Bd5 f6 45. Bf7 {Mmouse resigns} 1-0

[Event "ICS rated standard match"]
[Site "204.178.125.65"]
[Date "1999.11.08"]
[Round "?"]
[White "Mmouse"]
[Black "Hossa"]
[Result "0-1"]
[WhiteElo "2058"]
[BlackElo "2314"]
[PlyCount "30"]
[EventDate "1999.??.??"]

1. c4 Nf6 2. Nc3 d5 3. cxd5 Nxd5 4. d4 Nxc3 5. bxc3 e5 6. Nf3 e4 7. Ng5 f5 8.
Qb3 Qd7 9. e3 Qe7 10. Nh3 Nc6 11. Bb5 Bd7 12. a4 Na5 13. Qa2 c6 14. Be2 Be6 15.
c4 15... Nxc4 {Mmouse resigns} 0-1

[Event "ICS rated standard match"]
[Site "204.178.125.65"]
[Date "1999.11.08"]
[Round "?"]
[White "Hossa"]
[Black "Mmouse"]
[Result "1-0"]
[WhiteElo "2320"]
[BlackElo "2052"]
[PlyCount "35"]
[EventDate "1999.??.??"]

1. e4 Nf6 2. Nc3 d5 3. exd5 Nxd5 4. Bc4 c6 5. Nf3 g6 6. O-O Bg7 7. d4 O-O 8.
Ne4 Nd7 9. Bg5 h6 10. Be3 Kh7 11. Qd2 f5 12. Nfg5+ hxg5 13. Nxg5+ Kg8 14. Ne6
Qb6 15. Bh6 Rf7 16. Bxg7 Rxg7 17. Qh6 Kf7 18. Rae1 {Mmouse resigns} 1-0

[Event "ICS rated standard match"]
[Site "204.178.125.65"]
[Date "1999.11.08"]
[Round "?"]
[White "Mmouse"]
[Black "Hossa"]
[Result "0-1"]
[WhiteElo "2056"]
[BlackElo "2326"]
[PlyCount "22"]
[EventDate "1999.??.??"]

1. c4 Nf6 2. Nc3 d5 3. cxd5 Nxd5 4. d4 Nxc3 5. bxc3 e5 6. Nf3 e4 7. Ng5 f5 8.
Qb3 Qd7 9. e3 Qe7 10. h4 h6 11. Ba3 11... Qxa3 {Mmouse resigns} 0-1

[Event "ICS rated standard match"]
[Site "204.178.125.65"]
[Date "1999.11.08"]
[Round "?"]
[White "Hossa"]
[Black "strong-master"]
[Result "0-1"]
[WhiteElo "2332"]
[BlackElo "2611"]
[PlyCount "75"]
[EventDate "1999.??.??"]

1. e4 d6 2. Nf3 c5 3. Bc4 Nf6 4. d3 e6 5. Bb3 Be7 6. O-O O-O 7. Nc3 a6 8. e5
dxe5 9. Nxe5 Nfd7 10. Nxd7 Qxd7 11. Be3 Rd8 12. Qh5 Nc6 13. Na4 Qc7 14. Rfe1
Nd4 15. Nc3 b6 16. Bc1 Bb7 17. Bg5 Nxb3 18. axb3 Qc6 19. f3 Rd5 20. Nxd5 Qxd5
21. h4 h6 22. c4 Qf5 23. Re3 hxg5 24. Rae1 g6 25. Qh6 gxh4 26. Re5 Qxd3 27.
R5e2 Qd4+ 28. Rf2 Rd8 29. Ref1 Bf6 30. Re1 Qd6 31. Kf1 Qd3+ 32. Kg1 Qxb3 33.
Kh2 Qxc4 34. Rfe2 Qd4 35. Kh1 h3 36. Kh2 hxg2 37. Qh3 Rd5 38. Rxg2 {
Hossa resigns} 0-1

[Event "ICS rated blitz match"]
[Site "204.178.125.65"]
[Date "1999.11.08"]
[Round "?"]
[White "Hossa"]
[Black "readyink"]
[Result "1-0"]
[WhiteElo "2467"]
[BlackElo "2140"]
[PlyCount "51"]
[EventDate "1999.??.??"]

1. Nf3 d5 2. d4 Nf6 3. e3 Bf5 4. Bb5+ c6 5. Bd3 Bxd3 6. cxd3 e6 7. O-O Nbd7 8.
Bd2 Bd6 9. Nc3 O-O 10. e4 dxe4 11. dxe4 e5 12. Bg5 Re8 13. Rc1 Qe7 14. d5 c5
15. Nh4 h6 16. Nf5 Qf8 17. Bxf6 Nxf6 18. Qf3 Nd7 19. Nb5 Bb8 20. Nxh6+ gxh6 21.
Qg4+ Kh7 22. Qxd7 Re7 23. Qf5+ Kh8 24. Rxc5 a6 25. Nc3 Bd6 26. Qf6+ {
readyink resigns} 1-0

[Event "ICS rated blitz match"]
[Site "204.178.125.65"]
[Date "1999.11.08"]
[Round "?"]
[White "Hossa"]
[Black "ljb"]
[Result "1-0"]
[WhiteElo "2476"]
[BlackElo "2179"]
[PlyCount "34"]
[EventDate "1999.??.??"]

1. c4 Nf6 2. Nf3 g6 3. d4 Bg7 4. Nc3 d6 5. e4 O-O 6. Bg5 h6 7. Bh4 g5 8. Bg3
Nh5 9. Be2 Nc6 10. d5 Nxg3 11. hxg3 Ne5 12. Nxe5 dxe5 13. Bh5 e6 14. a3 exd5
15. exd5 Bf5 16. g4 Bh7 17. Qb3 17... Qxd5 {ljb resigns} 1-0

[Event "ICS rated blitz match"]
[Site "204.178.125.65"]
[Date "1999.11.08"]
[Round "?"]
[White "ljb"]
[Black "Hossa"]
[Result "0-1"]
[WhiteElo "2174"]
[BlackElo "2481"]
[PlyCount "126"]
[EventDate "1999.??.??"]

1. e4 d6 2. Nf3 c5 3. d4 cxd4 4. Nxd4 Nc6 5. Nc3 Nxd4 6. Qxd4 Bd7 7. Be3 Nf6 8.
Be2 g6 9. O-O Bg7 10. Qd2 Ng4 11. Bd4 e5 12. Be3 Nxe3 13. Qxe3 O-O 14. Bc4 Rc8
15. Bb3 b6 16. Rad1 Bc6 17. Qd3 Qh4 18. g3 Qg4 19. f3 Qd7 20. Qxd6 Rcd8 21.
Qxd7 Bxd7 22. Rd6 Bh3 23. Rfd1 Rxd6 24. Rxd6 Bh6 25. Kf2 Bc1 26. Nd1 Kg7 27.
Bc4 Rc8 28. b3 b5 29. Bd3 b4 30. g4 h5 31. Kg3 hxg4 32. fxg4 Rh8 33. Nf2 Bf4+
34. Kf3 a5 35. Bc4 Rh4 36. Rd7 Kf6 37. Rxf7+ Kg5 38. Be6 Bf1 39. h3 Bxh3 40.
Nxh3+ Rxh3+ 41. Ke2 Rh2+ 42. Kd3 Rd2+ 43. Kc4 Rxc2+ 44. Kb5 Rxa2 45. Ra7 Re2
46. Bd5 Kxg4 47. Rxa5 g5 48. Ra7 Bd2 49. Rg7 Bc3 50. Kc6 Kf4 51. Rf7+ Kg3 52.
Kd6 g4 53. Ke6 Rf2 54. Rg7 Rf4 55. Ra7 Kf3 56. Ra2 g3 57. Bc4 g2 58. Be2+ Ke3
59. Bc4 g1=Q 60. Re2+ Kf3 61. Rc2 Qg6+ 62. Kd5 Qxe4+ 63. Kd6 63... Qxc2 {
ljb resigns} 0-1

[Event "ICS rated blitz match"]
[Site "204.178.125.65"]
[Date "1999.11.08"]
[Round "?"]
[White "Hossa"]
[Black "ljb"]
[Result "1-0"]
[WhiteElo "2486"]
[BlackElo "2169"]
[PlyCount "108"]
[EventDate "1999.??.??"]

1. c4 Nf6 2. Nf3 g6 3. d4 Bg7 4. Nc3 d6 5. e4 O-O 6. Bg5 h6 7. Bh4 g5 8. Bg3
Nh5 9. Be2 Nc6 10. d5 Nxg3 11. hxg3 Ne5 12. Nxe5 dxe5 13. Bh5 e6 14. a3 exd5
15. exd5 Bf5 16. g4 Bh7 17. Qb3 b6 18. O-O-O Qd6 19. Qa4 a6 20. Rd2 e4 21. Qb3
Rab8 22. Re1 Rfe8 23. Rde2 Qf4+ 24. Kb1 Re7 25. Ka2 Rbe8 26. g3 Qf3 27. a4 Bxc3
28. Qxc3 Qxc3 29. bxc3 a5 30. Kb3 Re5 31. Re3 R5e7 32. c5 Rd8 33. cxb6 cxb6 34.
Rd1 Red7 35. c4 Kg7 36. Rd4 Kf6 37. Kc3 Rd6 38. f3 exf3 39. Rxf3+ Kg7 40. Rxf7+
Kg8 41. Rd2 R6d7 42. Rdf2 Rxf7 43. Rxf7 Rf8 44. Rxf8+ Kxf8 45. d6 Bg8 46. Bg6
Bf7 47. d7 Ke7 48. Bxf7 Kxd7 49. Bd5 Kd6 50. Kd4 Kd7 51. c5 bxc5+ 52. Kxc5 Kc7
53. Bc6 Kb8 54. Kb6 54... h5 {ljb resigns} 1-0

[Event "ICS rated blitz match"]
[Site "204.178.125.65"]
[Date "1999.11.08"]
[Round "?"]
[White "ljb"]
[Black "Hossa"]
[Result "0-1"]
[WhiteElo "2165"]
[BlackElo "2490"]
[PlyCount "47"]
[EventDate "1999.??.??"]

1. e4 d6 2. d4 c5 3. Nf3 cxd4 4. Nxd4 Nc6 5. Nc3 Nxd4 6. Qxd4 Bd7 7. Be3 Nf6 8.
Be2 g6 9. O-O Bg7 10. Qd2 Ng4 11. Bd4 Nf6 12. f4 O-O 13. Rad1 Ne8 14. Bxg7 Nxg7
15. Kh1 Rc8 16. e5 Nf5 17. Bf3 Qb6 18. exd6 exd6 19. Nd5 Qxb2 20. Rb1 Qg7 21.
Rxb7 Bc6 22. Rxa7 Qb2 23. Qc1 Qd4 24. Rd1 {ljb resigns} 0-1

[Event "ICS rated blitz match"]
[Site "204.178.125.65"]
[Date "1999.11.08"]
[Round "?"]
[White "Hossa"]
[Black "postalex"]
[Result "1/2-1/2"]
[WhiteElo "2494"]
[BlackElo "2086"]
[PlyCount "71"]
[EventDate "1999.??.??"]

1. c4 c5 2. Nf3 Nc6 3. Nc3 Nf6 4. d4 cxd4 5. Nxd4 e6 6. e4 Bb4 7. Nxc6 bxc6 8.
e5 Ne4 9. Bd2 Nxc3 10. bxc3 Bc5 11. Qg4 O-O 12. Bh6 g6 13. Bxf8 Bxf8 14. Be2
Qa5 15. Qd4 Bc5 16. Qd2 Ba3 17. f4 Ba6 18. Rb1 Rd8 19. Rb4 Bxb4 20. cxb4 Qb6
21. c5 Qb7 22. Bf3 Rb8 23. a3 Bc4 24. Qd6 a5 25. bxa5 Qb2 26. Bd1 Bd5 27. Rf1
Qc3+ 28. Kf2 Rb2+ 29. Be2 Qd4+ 30. Kg3 Rxe2 31. Kh4 Rxg2 32. Qe7 Rxh2+ 33. Kg4
Rg2+ 34. Kh4 Rh2+ 35. Kg4 Rg2+ 36. Kh4 {Game drawn by mutual agreement} 1/2-1/2

[Event "ICS Rated blitz match"]
[Site "204.178.125.65"]
[Date "1999.11.08"]
[Round "?"]
[White "PostModernist"]
[Black "Hossa"]
[Result "1-0"]
[WhiteElo "2594"]
[BlackElo "2481"]
[PlyCount "64"]
[EventDate "1999.??.??"]

1. e4 d6 2. d4 c5 3. Nf3 cxd4 4. Nxd4 Nc6 5. Nc3 e5 6. Nb3 Nf6 7. f3 Be6 8. Be3
d5 9. exd5 Nxd5 10. Nxd5 Bxd5 11. Qd2 Bb4 12. c3 Be7 13. O-O-O Be6 14. Bb5 Qc7
15. Nc5 Bxa2 16. Qc2 Qb6 17. Bxc6+ bxc6 18. Qe4 Qb5 19. Qxe5 f6 20. Qc7 Rb8 21.
b3 Bxb3 22. Rd7 Bd8 23. Qd6 Bd5 24. Kd1 Qb1+ 25. Bc1 Bb3+ 26. Ke2 Ba2 27. Re1
Qxc1 28. Rxc1 Bc4+ 29. Kf2 Rb2+ 30. Kg1 Re2 31. Rxd8+ Kf7 32. Rd7+ 32... Kg6 {
Hossa resigns} 1-0